The divine comedy / (Record no. 26448)
[ view plain ]
| 000 -LEADER | |
|---|---|
| fixed length control field | 01209nam a22003375a 4500 |
| 003 - CONTROL NUMBER IDENTIFIER | |
| control field | EG-ScBUE |
| 005 - DATE AND TIME OF LATEST TRANSACTION | |
| control field | 20220811100109.0 |
| 008 - FIXED-LENGTH DATA ELEMENTS--GENERAL INFORMATION | |
| fixed length control field | 180401s199u xx f 000 m eng d |
| 020 ## - INTERNATIONAL STANDARD BOOK NUMBER | |
| International Standard Book Number | 9781984384560 |
| 040 ## - CATALOGING SOURCE | |
| Original cataloging agency | EG-ScBUE |
| Language of cataloging | eng |
| Description conventions | rda |
| Transcribing agency | EG-ScBUE |
| Modifying agency | EG-ScBUE |
| 041 1# - LANGUAGE CODE | |
| Language code of text/sound track or separate title | eng |
| Language code of original and/or intermediate translations of text | ita |
| 082 04 - DEWEY DECIMAL CLASSIFICATION NUMBER | |
| Classification number | 851.1 |
| Item number | DAN |
| Edition number | 22 |
| 100 0# - MAIN ENTRY--PERSONAL NAME | |
| Personal name | Dante Alighieri, |
| Dates associated with a name | 1265-1321, |
| Relator term | author. |
| 9 (RLIN) | 35193 |
| 240 10 - UNIFORM TITLE | |
| Uniform title | <a href="Divina commedia.">Divina commedia.</a> |
| Language of a work | English |
| 245 14 - TITLE STATEMENT | |
| Title | The divine comedy / |
| Statement of responsibility, etc | Dante Alighieri ; translator Henry Wadsworth Longfellow. |
| 264 #1 - PUBLICATION, DISTRIBUTION, ETC. (IMPRINT) | |
| Place of publication, distribution, etc | [Place of publication not identified] : |
| Name of publisher, distributor, etc | [publisher not identified], |
| Date of publication, distribution, etc | [199-?] |
| 300 ## - PHYSICAL DESCRIPTION | |
| Extent | 425 pages ; |
| Dimensions | 24 cm |
| 336 ## - CONTENT TYPE | |
| Source | rdacontent |
| Content type term | text |
| Content type code | txt |
| 337 ## - MEDIA TYPE | |
| Source | rdamedia |
| Media type term | unmediated |
| Media type code | n |
| 338 ## - CARRIER TYPE | |
| Source | rdacarrier |
| Carrier type term | volume |
| Carrier type code | nc |
| 546 ## - LANGUAGE NOTE | |
| Language note | Text in English ; translated from the original Italian. |
| 600 07 - SUBJECT ADDED ENTRY--PERSONAL NAME | |
| Personal name | Dante Alighieri, |
| Dates associated with a name | 1265-1321. |
| Title of a work | Divina commedia. |
| Source of heading or term | BUEsh |
| 9 (RLIN) | 35193 |
| 650 #7 - SUBJECT ADDED ENTRY--TOPICAL TERM | |
| Topical term or geographic name as entry element | Heaven |
| Form subdivision | Poetry. |
| Source of heading or term | BUEsh |
| 9 (RLIN) | 40261 |
| 650 #7 - SUBJECT ADDED ENTRY--TOPICAL TERM | |
| Topical term or geographic name as entry element | Italian poetry. |
| Source of heading or term | BUEsh |
| 650 #7 - SUBJECT ADDED ENTRY--TOPICAL TERM | |
| Topical term or geographic name as entry element | Classical literature. |
| Source of heading or term | BUEsh |
| 651 ## - SUBJECT ADDED ENTRY--GEOGRAPHIC NAME | |
| Source of heading or term | BUEsh |
| 653 ## - INDEX TERM--UNCONTROLLED | |
| Resource For college | Humanities: English |
| Arrived date list | April2018 |
| 655 ## - INDEX TERM--GENRE/FORM | |
| Form subdivision | Reading book |
| 9 (RLIN) | 34232 |
| 700 1# - ADDED ENTRY--PERSONAL NAME | |
| Personal name | Longfellow, Henry Wadsworth, |
| Dates associated with a name | 1807-1882, |
| Relator term | translator. |
| 942 ## - ADDED ENTRY ELEMENTS (KOHA) | |
| Source of classification or shelving scheme | Dewey Decimal Classification |
| Koha item type | Book - Borrowing |
| Withdrawn status | Lost status | Source of classification or shelving scheme | Damaged status | Not for loan | Collection code | Home library | Current library | Shelving location | Date acquired | Source of acquisition | Total Checkouts | Total Renewals | Full call number | Barcode | Checked out | Date last seen | Date checked out | Price effective from | Koha item type |
|---|---|---|---|---|---|---|---|---|---|---|---|---|---|---|---|---|---|---|---|
| Dewey Decimal Classification | Baccah | Central Library | Central Library | Second Floor | 01/04/2018 | Purchase | 2 | 36 | 851.1 DAN | 000043134 | 10/05/2026 | 07/08/2025 | 07/08/2025 | 01/04/2018 | Book - Borrowing |